000 00286nam a22001337a 4500
008 171005b xxu||||| |||| 00| 0 eng d
020 _a9780716779261
041 _aeng
080 _28TH
_a159.9
100 _a49
101 _aPSI
245 _aPSYCHOLOGY
_cMYERS,D.G
942 _2udc
_cBK
999 _c32014
_d32014